Las estrellas miran hacia abajo

Պահպանված է:
Մատենագիտական մանրամասներ
Հիմնական հեղինակ: Cronin, Archibald Joseph (Հեղինակ)
Ձևաչափ: Գիրք
Լեզու:իսպաներեն
Հրապարակվել է: Buenos Aires Claridad 1946
Հրատարակություն:3a. ed
Շարք:Biblioteca de Grandes Obras Famosas, 2
Խորագրեր:
Ցուցիչներ: Ավելացրեք ցուցիչ
Չկան պիտակներ, Եղեք առաջինը, ով նշում է այս գրառումը!

MARC

LEADER 00000nam a2200000 a 4500
001 UCQ2842
003 CL-VaPUC
008 980731e19460000AG |||||||||||||||||spa|d
082 0 4 |a 823  |b CRO  |2 21 
100 0 |a Cronin, Archibald Joseph  |e author  |9 416927 
245 1 4 |a Las estrellas miran hacia abajo 
250 |a 3a. ed 
300 |a 508 p 
942 |c BK 
945 |d 19980731 00:00:00  |a lriquelm 
260 |a Buenos Aires  |b Claridad  |c 1946 
650 0 |a Novelas inglesas  |9 265220 
650 0 |a Literatura inglesa  |9 312907 
583 |a last modification  |c 19980731 00:00:00  |k Rodrigo Vera 
490 0 |a Biblioteca de Grandes Obras Famosas, 2 
999 |c 273606  |d 273604 
952 |0 0  |1 0  |4 0  |6 823_000000000000000_CRO_1946  |7 0  |8 A  |9 309360  |a BIBEDU  |b BIBEDU  |d 2019-11-20  |i 3259536  |o 823 CRO 1946  |p 3259536  |r 2019-11-20  |w 2019-11-20  |y BK  |k LIT